First original 13 Colonies - Statistics

General Stats
  • This quiz has been taken 57 times
  • The average score is 12 of 13
Answer Stats
Hint Answer % Correct
1664 New York
100%
1620 Massachusetts
94%
1665 New Jersey
94%
1663 North Carolina
94%
1663 South Carolina
94%
1636 Connecticut
91%
1638 Delaware
91%
1632-1634 Maryland
91%
1607 Virginia
91%
1636 Rhode Island
88%
1732 Georgia
85%
1623 New Hampshire
82%
1681 Pennsylvania
82%
No matching quizzes found
Score Distribution
Percent of People with Each Score
Percentile by Number Answered
Your Score History
You have not taken this quiz